000 00279nam a22001337a 4500
008 170809b xxu||||| |||| 00| 0 eng d
020 _a9780135059234
041 _aeng
080 _23RD
_a004
100 _a35
101 _aSHK
245 _a3GO !
_cGASKIN,SH
942 _2udc
_cBK
999 _c22991
_d22991